Návrh a realizácia ohrevu terminálov v priemyselnom podniku

Guardado en:
Detalles Bibliográficos
Autor principal: Dovičič, Erik (Autor)
Otros Autores: Nemlaha, Eduard (Orientador)
Formato: Manuscrito Libro
Lenguaje:eslovaco
Publicado: 2023
Materias:
Acceso en línea:http://is.stuba.sk/zp/portal_zp.pl?podrobnosti=163489
Etiquetas: Agregar Etiqueta
Sin Etiquetas, Sea el primero en etiquetar este registro!

MARC

LEADER 00000ntm a22000003a 4500
001 stuzp93351
003 SK-STU
005 20230909214739.3
007 ta
008 150427s2015----xo-----f-mn---000-0-slo-d
040 |a STU  |b slo 
041 0 |a slo 
100 1 |a Dovičič, Erik  |u 066000  |4 aut  |U MTF Materiálovotechnologická fakulta  |T MTF Ústav aplikovanej informatiky, automatizácie a mechatroniky  |X 111578  |U M6000  |Y 86  |7 111578 
242 0 1 |a Design and implementation of terminal heating in an industrial enterprise  |y eng 
245 1 0 |a Návrh a realizácia ohrevu terminálov v priemyselnom podniku 
260 |c 2023 
650 4 |a ohrev terminálov  |2 slo 
650 4 |a valec  |2 slo 
650 4 |a regulátor  |2 slo 
650 4 |a snímač  |2 slo 
650 4 |a terminal heating  |2 eng 
650 4 |a cylinder  |2 eng 
650 4 |a regulator  |2 eng 
650 4 |a sensor  |2 eng 
700 1 |a Nemlaha, Eduard  |u 066000  |k Z1  |4 ths  |U MTF Materiálovotechnologická fakulta  |T MTF Ústav aplikovanej informatiky, automatizácie a mechatroniky  |X 2759  |U M6000  |Y 86  |7 A000002759 
856 4 |u http://is.stuba.sk/zp/portal_zp.pl?podrobnosti=163489 
996 |c M* BP-9542  |l MMSKP  |s P  |a 0  |w stuzp93351_0001